Statistics for All Characters from A Series Of Unfortunate Events (ASOUE)

Click here to take the quiz!

General Stats

  • This quiz has been taken 145 times
  • The average score is 34 of 61

Answer Stats

Answer% Correct
Klaus Baudelaire
99%
Sunny Baudelaire
99%
Violet Baudelaire
97%
Count Olaf
94%
Quigley Quagmire
89%
Duncan Quagmire
88%
Kit Snicket
88%
Arthur Poe
86%
Esme Squalor
86%
Isadora Quagmire
86%
Lemony Snicket
86%
Beatrice Baudelaire
85%
Beatrice Baudelaire II
85%
Fernald
85%
Josephine Anwhistle
85%
Montgomery Montgomery
82%
Jacques Snicket
81%
Jerome Squalor
79%
Carmelita Spats
71%
Edgar Poe
71%
Albert Poe
68%
Bertrand Baudelaire
67%
Justice Strauss
67%
Olivia Caliban
67%
Eleanora Poe
63%
Bald Man
61%
Dewey Denouement
61%
Fiona
61%
White Faced Women
57%
Charles
54%
Georgina Orwell
54%
Ike Anwhistle
54%
Larry
54%
Vice Principal Nero
53%
Frank Denouement
51%
Sir
51%
Ernest Denouement
50%
Ishmael
49%
Babs
47%
Hector
47%
Captain Widdershins
46%
Phil
46%
Gustav
42%
Woman with hair but no beard
39%
Friday
38%
Hugo
38%
Mrs Bass
38%
Colette
36%
Hal
36%
Man with a beard but no hair
36%
Mr Remora
36%
Kevin
35%
Person of Indeterminate Gender
35%
Bruce
26%
Jacquelyn Scieszka
17%
Mrs Morrow
14%
Incredibly Deadly Viper
13%
Mr Lesko
11%
VFD Crows
6%
Mamba du Mal
4%
Lachrymose Leeches
3%

Score Distribution

Percentile by Number Answered

Percent of People with Each Score

Your Score History

You have not taken this quiz